LEADER 01027cam0-2200325 --450 001 9910356858203321 005 20191219112205.0 010 $a0201503956 010 $a0201515601 100 $a20191219d1991----km y0itay50 ba 101 0 $aeng 102 $aUS 105 $ay 001yy 200 1 $aIntroduction to the theory of neural computation$fJohn Hertz, Anders Krogh, Richard G. Palmer 210 $aRedwood City, California [etc.]$cAddison-Wesley$dc1991 215 $aXXII, 327 p.$d23 cm 225 1 $aSanta Fe institute studies in the science of complexity$iLecture notes$v1 610 0 $aReti neurali 676 $a006.3$v20 676 $a006.32$v20 700 1$aHertz,$bJohn$062767 701 1$aKrogh,$bAnders$062768 701 1$aPalmer,$bRichard G.$062769 801 0$aIT$bUNINA$gREICAT$2UNIMARC 901 $aBK 912 $a9910356858203321 952 $aA4/82$b1702$fDINTR 959 $aDINTR 996 $aIntroduction to the theory of neural computation$9374058 997 $aUNINA LEADER 01126nam0 22002891i 450 001 UON00447543 005 20240606041354.537 100 $a20141125d1969 |0itac50 ba 101 $afre 102 $aFR 105 $a|||| 1|||| 200 1 $aBlaise Pascal$fCharles Baudouin 210 $aParis$cEditions Universitaires$dc1969 215 $a124 p.$d18 cm. 316 $aValore stimato.$5IT-UONSI Francese11 C XXPAS 410 1$1001UON00337648$12001 $aClassiques du 20e siècle$1210 $aParis$cEditions Universitaires. 606 $aLetteratura francese$3UONC068889$2FI 606 $aPascal Blaise$3UONC044921$2FI 620 $aFR$dParis$3UONL002984 700 1$aBaudouin$bCharles$3UONV119079$0126805 712 $aÉditions Universitaires$3UONV248851$4650 801 $aIT$bSOL$c20250627$gRICA 899 $aSIBA - SISTEMA BIBLIOTECARIO DI ATENEO$2UONSI 912 $aUON00447543 950 $aSIBA - SISTEMA BIBLIOTECARIO DI ATENEO$dSI 11 C XX PAS $eSI SF 5320 7 Valore stimato.$sBuono 996 $aBlaise Pascal$91331419 997 $aUNIOR